Normal view
MARC view
- الاسهم-الشركات الصناعية
Entry Topical Term
001 - CONTROL NUMBER
- control field: 63222
003 - CONTROL NUMBER IDENTIFIER
- control field: JO-AjAnu
005 - DATE AND TIME OF LATEST TRANSACTION
- control field: 20230606084324.0
008 - FIXED-LENGTH DATA ELEMENTS
- fixed length control field: 230606|| aca||aabn | a|a d
040 ## - CATALOGING SOURCE
- Original cataloging agency: JO-AjAnu
- Transcribing agency: JO-AjAnu
150 ## - HEADING--TOPICAL TERM
- Topical term or geographic name entry element: الاسهم-الشركات الصناعية
670 ## - SOURCE DATA FOUND
- Source citation: Work cat.: (JO-AjAnu)32233: اعداد بعارة، منار محمد علي؛ اشراف مهند محمد العبيني, author 63221, اثر العوائد على حقوق الملكية على سعر السهم للشركات الصناعية الاردنية المدرجة في بورصة عمان: معدل التضخم كمتغير معدل = The Effect of Returns on Equity on the Share Price of Jordanian Industrial Companies Listed on the Amman Stock Exchange: Inflation Rate Book Value as an Moderating Variable